[Event "La Fere op 8th"]
[Site "La Fere"]
[Date "2009.07.06"]
[Round "3"]
[White "Adelise, Theo"]
[Black "Tillet, Louis Juan"]
[Result "0-1"]
[WhiteElo "1735"]
[BlackElo "2190"]
[PlyCount "42"]
[EventDate "2009.07.04"]
[EventType "swiss"]
[EventRounds "9"]
[EventCountry "FRA"]
[SourceTitle "CBM 131 Extra"]
[Source "ChessBase"]
[SourceDate "2009.09.03"]
[SourceVersion "2"]
[SourceVersionDate "2009.09.16"]
[SourceQuality "1"]

1. e4 e6 2. d4 d5 3. Nd2 Nf6 4. e5 Nfd7 5. f4 c5 6. c3 Nc6 7. Ndf3 Qb6 8. Ne2 f6 9. a3 Be7 10. g3 cxd4 11. cxd4 0-0 12. Bh3 fxe5 13. Bxe6+ Kh8 14. Bxd7 Bxd7 15. Nxe5 Bf5 16. Nxc6 bxc6 17. b4 Rae8 18. 0-0 Bf6 19. Bb2 Bg4 20. Re1 Re4 21. Qd2 Rfe8 0-1

[Event "La Fere op 7th"]
[Site "La Fere"]
[Date "2008.07.08"]
[Round "5"]
[White "Laufer, Maurice"]
[Black "Adelise, Theo"]
[Result "0-1"]
[WhiteElo "1521"]
[BlackElo "1600"]
[PlyCount "142"]
[EventDate "2008.07.05"]
[EventType "swiss"]
[EventRounds "9"]
[EventCountry "FRA"]
[SourceTitle "CBM 125 Extra"]
[Source "ChessBase"]
[SourceDate "2008.09.01"]
[SourceVersion "1"]
[SourceVersionDate "2008.09.01"]
[SourceQuality "1"]

1. f4 d5 2. Nf3 Nc6 3. e3 Nf6 4. Be2 Bg4 5. 0-0 Bxf3 6. Bxf3 e6 7. d3 Bc5 8. Kh1 0-0 9. c3 Ne7 10. b4 Bd6 11. Qe1 c5 12. a3 Rb8 13. Bb2 c4 14. dxc4 dxc4 15. Nd2 b5 16. Rd1 Qb6 17. Ne4 Nxe4 18. Bxe4 Ng6 19. Bc1 Be7 20. f5 exf5 21. Bxf5 Qc6 22. e4 Rbd8 23. Bd2 Rd6 24. e5 Rdd8 25. Rb1 Nh4 26. Be4 Qd7 27. Rb2 Ng6 28. Bf5 Qc7 29. e6 f6 30. Bxg6 hxg6 31. Bf4 Qc6 32. h4 Rfe8 33. Re2 Bd6 34. Qg3 Bxf4 35. Qxf4 Rxe6 36. Ref2 Re4 37. Qg3 Rd3 38. Rf3 Rxf3 39. Rxf3 Qe8 40. Kh2 Qe5 41. Qxe5 Rxe5 42. Kh3 Re2 43. Rf4 Ra2 44. Rd4 Rxa3 45. Rd5 a6 46. Kh2 Rxc3 47. Rd6 Rb3 48. Rxa6 Rxb4 49. Rc6 Kf7 50. g4 Rb3 51. Kg2 Rd3 52. Rc7+ Ke6 53. Rb7 c3 54. Rxb5 c2 55. Rc5 Rd2+ 56. Kf3 Kd6 57. Rc8 Ke5 58. Ke3 Rh2 59. g5 Rxh4 60. Rxc2 Rh3+ 61. Kd2 Rh2+ 62. Kd1 Rxc2 63. Kxc2 Kf4 64. gxf6 gxf6 65. Kd2 Kg4 66. Ke2 Kg3 67. Kf1 f5 68. Kg1 g5 69. Kh1 f4 70. Kg1 g4 71. Kh1 Kf2 0-1

[Event "La Fere op 7th"]
[Site "La Fere"]
[Date "2008.07.06"]
[Round "3"]
[White "Huyet, Yannick"]
[Black "Adelise, Theo"]
[Result "1/2-1/2"]
[WhiteElo "1490"]
[BlackElo "1600"]
[PlyCount "96"]
[EventDate "2008.07.05"]
[EventType "swiss"]
[EventRounds "9"]
[EventCountry "FRA"]
[SourceTitle "CBM 125 Extra"]
[Source "ChessBase"]
[SourceDate "2008.09.01"]
[SourceVersion "1"]
[SourceVersionDate "2008.09.01"]
[SourceQuality "1"]

1. e4 e6 2. d4 d5 3. Nd2 Nf6 4. e5 Nfd7 5. c3 c5 6. f4 Nc6 7. Ngf3 cxd4 8. cxd4 Bb4 9. a3 Bxd2+ 10. Bxd2 Qb6 11. Bc3 Nf8 12. Bd3 Ng6 13. Qd2 Bd7 14. 0-0 f6 15. Bxg6+ hxg6 16. Qd3 f5 17. Ng5 Nd8 18. Rf3 Nf7 19. Rh3 Rxh3 20. Qxh3 a5 21. Rf1 Qd8 22. Nf3 Nh6 23. Qh4 Qxh4 24. Nxh4 Kf7 25. h3 b6 26. Nf3 Rc8 27. Rc1 Ng8 28. g4 Ne7 29. Bd2 Rxc1+ 30. Bxc1 Bb5 31. Ng5+ Kg8 32. Nxe6 Bd7 33. Ng5 fxg4 34. e6 Bc8 35. hxg4 Nc6 36. Be3 Kf8 37. f5 gxf5 38. gxf5 Ne7 39. f6 gxf6 40. Nf3 Bxe6 41. Bf4 b5 42. Bd6 Kf7 43. b4 axb4 44. axb4 Bg4 45. Nd2 Nc6 46. Bc5 Kg6 47. Kf2 Kg5 48. Nb1 Bd1 1/2-1/2